000 00613nam a2200205 i 4500
001 22200
003 SpMaBN
005 20250809063451.0
008 161027s1979 sp fo ||||0| spa d
020 _a84-322-9521-3
080 _a821.134.2(72)-14"19"
100 1 _aPaz, Octavio,
_d1914-1998
_989753
245 1 0 _aPoemas (1935-1975) /
_cOctavio Paz.
250 _a1ª ed.
260 _aBarcelona :
_bSeix Barral,
_c1979.
300 _a719 p., [16] p. de lám. ;
_c21 cm.
500 _aÍndices.
852 _aES-MaACL
_jL-30715
_z- enc. tela
_z. - Donat. Miguel A. Velasco
999 _c22200
_d22200